000 00654nam a2200205Ia 4500
001 22502
003 GE_BSU
008 181216s||||||||xx |||||||||||||| ||und||
040 _cGE_BSU
245 _aГорная механика и машиностроение № 1. 2018
245 _bНаучно-технический журнал
245 _cГл. ред. В.Я. Щерба
260 _aМосква
260 _c2018
300 _a96 стр. 29см. илл.
653 _aГорная механика и машиностроение № 1. 2018
653 _aПериодика
653 _aპერიოდიკა
942 _cCR
999 _c55420
_d55420